[Event "2nd 4NCL Spring Bank Holiday Congress"]
[Site "Basingstoke"]
[Date "2019.05.25"]
[Round "2.11"]
[White "Tyomkyn, Mikhail"]
[Black "Ther, Mate"]
[Result "1/2-1/2"]
[WhiteElo "2153"]
[BlackElo "1935"]
[PlyCount "76"]
[EventDate "2019.05.24"]

1. d4 Nf6 2. Nf3 e6 3. c4 c5 4. d5 exd5 5. cxd5 d6 6. e4 g6 7. Bd3 Bg7 8. h3
O-O 9. O-O Ne8 10. Nc3 Nd7 11. Bg5 Bf6 12. Bxf6 Nexf6 13. Qd2 Re8 14. Rae1 a6
15. a4 Kg7 16. Qf4 Ne5 17. Nxe5 dxe5 18. Qe3 Nh5 19. Qxc5 Nf4 20. Re3 Bxh3 21.
gxh3 Rc8 22. Qa3 h5 23. Kh2 Qh4 24. Rg3 g5 25. Ne2 g4 26. Ng1 Kh7 27. f3 Rg8
28. fxg4 hxg4 29. Bb1 gxh3 30. Qe3 Rxg3 31. Qxg3 Qxg3+ 32. Kxg3 Rg8+ 33. Kh2
Rg2+ 34. Kh1 Rxb2 35. Rd1 Nh5 36. Nxh3 Ng3+ 37. Kg1 Ne2+ 38. Kf1 Ng3+ 1/2-1/2

[Event "2nd 4NCL Spring Bank Holiday Congress"]
[Site "Basingstoke"]
[Date "2019.05.25"]
[Round "2.12"]
[White "Woltery, Nicolai"]
[Black "Spence, David J"]
[Result "0-1"]
[WhiteElo "1899"]
[BlackElo "2138"]
[PlyCount "132"]
[EventDate "2019.05.24"]

1. d4 e6 2. c4 Nf6 3. g3 c5 4. d5 exd5 5. cxd5 b5 6. e4 Nxe4 7. Bg2 Nd6 8. Nf3
Be7 9. O-O O-O 10. Re1 Na6 11. Bf4 Bb7 12. Nc3 Nc7 13. Bxd6 Bxd6 14. Ne4 Ne8
15. a4 a6 16. Qc2 Rc8 17. Nxd6 Nxd6 18. Rad1 Re8 19. Rxe8+ Qxe8 20. Re1 Qd8 21.
Nh4 g6 22. Qc3 b4 23. Qe5 Qe8 24. Nf3 Qxe5 25. Nxe5 Rc7 26. b3 Kf8 27. Rc1 a5
28. Nd3 c4 29. bxc4 Rxc4 30. Rxc4 Nxc4 31. Nc5 Bc8 32. Nb3 Nb6 33. Nxa5 Nxa4
34. d6 Ba6 35. Bd5 Nc3 36. Bc4 Bxc4 37. Nxc4 b3 38. Kf1 Nb5 39. Ke2 Nxd6 40.
Nd2 b2 41. Kd3 f5 42. Kc2 Ne4 43. Nxe4 fxe4 44. Kxb2 d5 45. Kc3 Ke7 46. Kd4 Kd6
47. g4 g5 48. h3 h6 49. Ke3 Ke5 50. Kd2 d4 51. Ke2 Kf4 52. Ke1 Kf3 53. Kf1 d3
54. Ke1 d2+ 55. Kd1 Kxf2 56. Kxd2 e3+ 57. Kd3 e2 58. Ke4 e1=Q+ 59. Kf5 Kg3 60.
Kg6 Kxh3 61. Kxh6 Kxg4 62. Kg6 Qe6+ 63. Kg7 Kf5 64. Kf8 Qd7 65. Kg8 Kg6 66. Kh8
Qg7# 0-1

[Event "2nd 4NCL Spring Bank Holiday Congress"]
[Site "Basingstoke"]
[Date "2019.05.25"]
[Round "2.13"]
[White "Seymour, Timothy P"]
[Black "Gibson, Christopher A"]
[Result "1-0"]
[WhiteElo "2130"]
[BlackElo "1846"]
[PlyCount "73"]
[EventDate "2019.05.24"]

1. c4 Nf6 2. Nf3 g6 3. d4 Bg7 4. e3 O-O 5. Be2 d6 6. Nc3 Bf5 7. O-O Ne4 8. Nxe4
Bxe4 9. Ng5 Bc6 10. Qc2 e5 11. Nf3 b6 12. d5 Bb7 13. e4 a5 14. g3 Nd7 15. Bg5
f6 16. Bd2 h6 17. Nh4 Kh7 18. f4 exf4 19. e5 f5 20. e6 Nc5 21. Rxf4 Be5 22.
Rxf5 Bd4+ 23. Kg2 Rxf5 24. Nxf5 Nxe6 25. Nxh6 Qf6 26. Rf1 Qe5 27. Bd3 Ng5 28.
Bxg6+ Kxh6 29. Bf4 Qf6 30. Bd3 Kg7 31. h4 Nf7 32. Bg5 Qe5 33. Rf5 Qe1 34. Rf1
Qe8 35. Qd2 Ne5 36. Bf6+ Kg8 37. Qg5+ 1-0

[Event "2nd 4NCL Spring Bank Holiday Congress"]
[Site "Basingstoke"]
[Date "2019.05.25"]
[Round "2.14"]
[White "Lubarto, Michael"]
[Black "Jones, Steven A"]
[Result "0-1"]
[WhiteElo "1883"]
[BlackElo "2128"]
[PlyCount "42"]
[EventDate "2019.05.24"]

1. e4 c5 2. Nf3 Nc6 3. Bb5 g6 4. Bxc6 dxc6 5. O-O Bg7 6. Nc3 Nf6 7. d3 Bg4 8.
Be3 Nd7 9. h3 Bxf3 10. Qxf3 e5 11. Na4 b6 12. b3 Nf8 13. c3 Ne6 14. Rad1 Qe7
15. Rd2 O-O 16. Nb2 Rad8 17. g3 Qc7 18. Qg4 f5 19. exf5 gxf5 20. Qc4 Qf7 21. f4
b5 0-1

[Event "2nd 4NCL Spring Bank Holiday Congress"]
[Site "Basingstoke"]
[Date "2019.05.25"]
[Round "2.15"]
[White "Mccullough, Simon L"]
[Black "Forster, Matthew"]
[Result "1-0"]
[WhiteElo "2109"]
[BlackElo "1861"]
[PlyCount "83"]
[EventDate "2019.05.24"]

1. Nf3 c5 2. b3 Nf6 3. Bb2 g6 4. g3 Bg7 5. Bg2 O-O 6. c4 Nc6 7. O-O d6 8. d4
cxd4 9. Nxd4 Bd7 10. Nc3 a5 11. Rc1 Qb6 12. c5 dxc5 13. Na4 Qa7 14. Nb5 Qb8 15.
Bxf6 Bxf6 16. Qxd7 Rd8 17. Qc7 Qxc7 18. Nxc7 Rac8 19. Nd5 Nb4 20. Nxf6+ exf6
21. a3 Nc6 22. Bxc6 Rxc6 23. Nxc5 b6 24. Nd3 Re6 25. Rc2 Kg7 26. Rfc1 g5 27.
Kf1 Rde8 28. Ne1 h5 29. Ng2 Re5 30. Ne3 Kg6 31. Rc6 Rb5 32. R1c3 h4 33. Rd6 h3
34. a4 Rbe5 35. Rcc6 R8e6 36. Rxb6 Rc5 37. Nc4 Re4 38. Rxf6+ Kg7 39. Rf3 Rd5
40. Rd3 Rc5 41. Rb5 Ree5 42. Rxc5 1-0

[Event "2nd 4NCL Spring Bank Holiday Congress"]
[Site "Basingstoke"]
[Date "2019.05.25"]
[Round "2.16"]
[White "Jukes, Sam"]
[Black "Verma, Aditya"]
[Result "0-1"]
[WhiteElo "1860"]
[BlackElo "2103"]
[PlyCount "42"]
[EventDate "2019.05.24"]

1. e4 c5 2. Nf3 d6 3. d4 cxd4 4. Qxd4 Bd7 5. c4 Nc6 6. Qd2 g6 7. Nc3 Bg7 8. Bd3
Nf6 9. O-O O-O 10. h3 Rc8 11. Rd1 Be6 12. Nd5 Nd7 13. Nf4 Nce5 14. Nxe6 fxe6
15. Qe2 Nxf3+ 16. gxf3 Be5 17. f4 Bxf4 18. Bxf4 Rxf4 19. Qe3 Qf8 20. Qxa7 Qf6
21. Qe3 Rf3 0-1

[Event "2nd 4NCL Spring Bank Holiday Congress"]
[Site "Basingstoke"]
[Date "2019.05.25"]
[Round "2.17"]
[White "Zhu, Yaoyao"]
[Black "Tambini, Jasper"]
[Result "1/2-1/2"]
[WhiteElo "1839"]
[BlackElo "2066"]
[PlyCount "110"]
[EventDate "2019.05.24"]

1. e4 e5 2. Nf3 Nc6 3. Bc4 Bc5 4. c3 Nf6 5. d4 exd4 6. e5 d5 7. Bb5 Ne4 8. cxd4
Bb4+ 9. Bd2 Bxd2+ 10. Nbxd2 Bd7 11. Bd3 Ng5 12. Qb3 Ne6 13. O-O a6 14. Qxd5 Nb4
15. Qb3 Nxd3 16. Qxd3 Bb5 17. Nc4 Qd5 18. Rfc1 g5 19. Ne3 Qxf3 20. Qxb5+ axb5
21. gxf3 O-O-O 22. d5 Nf4 23. Rc5 Rhe8 24. d6 c6 25. Rd1 Ng6 26. Ng4 h5 27. d7+
Rxd7 28. Rxd7 hxg4 29. Rxf7 Nxe5 30. Rxe5 Rxe5 31. fxg4 Re2 32. f4 Re4 33. Kf2
Rb4 34. fxg5 Rxg4 35. Rf5 Kd7 36. Kf3 Rg1 37. h4 Ke6 38. Rf4 Ke5 39. Rg4 Rf1+
40. Kg2 Rf8 41. g6 Kf5 42. Kg3 Rg8 43. h5 Kf6 44. Kf4 Rg7 45. Rh4 Rd7 46. h6
Kxg6 47. Ke5 Kh7 48. Rd4 Re7+ 49. Kf6 Re2 50. Kg5 Rg2+ 51. Kh5 Rh2+ 52. Kg5
Rxb2 53. Rd7+ Kh8 54. Rd8+ Kh7 55. Rd7+ Kh8 1/2-1/2

[Event "2nd 4NCL Spring Bank Holiday Congress"]
[Site "Basingstoke"]
[Date "2019.05.25"]
[Round "2.18"]
[White "Purdon, Colin"]
[Black "Skettos, Nicolas"]
[Result "0-1"]
[WhiteElo "2055"]
[BlackElo "1830"]
[PlyCount "72"]
[EventDate "2019.05.24"]

1. d4 d5 2. c4 dxc4 3. e4 e5 4. Nf3 exd4 5. Bxc4 Nc6 6. O-O Be6 7. Bb5 Bc5 8.
b4 Bb6 9. Bb2 Nf6 10. Qe2 d3 11. Bxd3 Nxb4 12. Bc4 O-O 13. Nc3 Bxc4 14. Qxc4 a5
15. Rad1 Qe7 16. e5 Nd7 17. Rfe1 Nc5 18. a3 Nc6 19. Nd5 Qe6 20. Qf4 Ne7 21. Ne3
Ng6 22. Qg5 h6 23. Qh5 Nf4 24. Qh4 Nfd3 25. Re2 Nxb2 26. Rxb2 f6 27. exf6 Qxf6
28. Qc4+ Kh8 29. Rbd2 Rad8 30. Nd5 Qf7 31. Ne5 Qf5 32. Nf3 Ne4 33. Re2 Nxf2 34.
Nxb6 Rxd1+ 35. Kxf2 cxb6 36. Re5 Qxe5 0-1

[Event "2nd 4NCL Spring Bank Holiday Congress"]
[Site "Basingstoke"]
[Date "2019.05.25"]
[Round "2.19"]
[White "Simpson, Derek"]
[Black "Bhatia, Kanwal K"]
[Result "0-1"]
[WhiteElo "1655"]
[BlackElo "2046"]
[PlyCount "110"]
[EventDate "2019.05.24"]

1. e4 e5 2. Nf3 Nc6 3. d4 exd4 4. Nxd4 Bc5 5. Nb3 Bb6 6. Nc3 d6 7. Qe2 Nge7 8.
Be3 O-O 9. O-O-O f5 10. f4 fxe4 11. g3 Nf5 12. Bxb6 axb6 13. Qxe4 Re8 14. Qf3
Ne3 15. Re1 Bg4 16. Qf2 Nxf1 17. Rhxf1 Qf6 18. Re3 Bf5 19. Rfe1 Rxe3 20. Qxe3
Bg6 21. Qe6+ Qxe6 22. Rxe6 Kf7 23. Re2 Nb4 24. a3 Nxc2 25. Rxc2 Bxc2 26. Kxc2
c6 27. Kd2 Re8 28. Nd4 d5 29. Nf3 Ke6 30. Nd1 c5 31. Ne3 d4 32. Ng5+ Kd7 33.
Nc4 Kc6 34. Ne5+ Kd5 35. Ngf3 b5 36. Ne1 g5 37. N5d3 gxf4 38. Nxf4+ Ke4 39.
Nfd3 b6 40. Nf2+ Kd5 41. Nc2 c4 42. Nb4+ Kc5 43. Na6+ Kd6 44. Nd1 d3 45. Nc3
Re5 46. Nb4 Ke6 47. Nc6 Rh5 48. Nd4+ Ke5 49. Nf3+ Ke6 50. Nxb5 Kf5 51. Nbd4+
Ke4 52. Kc3 Ke3 53. g4 Rd5 54. Kxc4 Rc5+ 55. Kb3 d2 0-1

[Event "2nd 4NCL Spring Bank Holiday Congress"]
[Site "Basingstoke"]
[Date "2019.05.25"]
[Round "2.20"]
[White "Voiculescu-Holvad, Stefan"]
[Black "Xian, Junhao"]
[Result "0-1"]
[WhiteElo "1640"]
[BlackElo "2044"]
[PlyCount "74"]
[EventDate "2019.05.24"]

1. d4 f5 2. g3 Nf6 3. Bg2 g6 4. c4 Bg7 5. Nf3 O-O 6. Nc3 d6 7. O-O c6 8. Re1
Na6 9. a3 Ne4 10. Qc2 Nxc3 11. bxc3 e5 12. e4 fxe4 13. Bg5 Qa5 14. Qxe4 Bf5 15.
Qe3 Rae8 16. dxe5 Nc5 17. Nd4 Rxe5 18. Qd2 Ne4 19. Bxe4 Rxe4 20. Be7 Rxd4 21.
Qa2 Qxc3 22. Bxf8 Kxf8 23. Rac1 Rd2 24. Rxc3 Rxa2 25. Rce3 Bd4 26. Rf3 h5 27.
h3 Kg7 28. Kg2 d5 29. cxd5 cxd5 30. Kh2 Be4 31. Rf4 Bxf2 32. Rxf2 Rxf2+ 33. Kg1
Rg2+ 34. Kf1 Rxg3 35. Rc1 d4 36. Rc7+ Kf6 37. Kf2 Rxh3 0-1

[Event "2nd 4NCL Spring Bank Holiday Congress"]
[Site "Basingstoke"]
[Date "2019.05.25"]
[Round "2.21"]
[White "Nettleton, Charlie B"]
[Black "Royal, Shreyas"]
[Result "1/2-1/2"]
[WhiteElo "2064"]
[BlackElo "1993"]
[PlyCount "64"]
[EventDate "2019.05.24"]

1. d4 Nf6 2. Bg5 e6 3. e4 h6 4. Bxf6 Qxf6 5. c3 d6 6. Bd3 g6 7. Ne2 Bg7 8. O-O
O-O 9. f4 Nd7 10. Nd2 Qe7 11. e5 Rd8 12. Nf3 c5 13. Ng3 dxe5 14. fxe5 c4 15.
Bxc4 Nxe5 16. Nxe5 Bxe5 17. Qf3 Bg7 18. Rae1 Rf8 19. Bd3 Rb8 20. Ne4 Bd7 21.
Nf6+ Bxf6 22. Qxf6 Qxf6 23. Rxf6 Kg7 24. Ref1 Bc6 25. b4 b5 26. a3 Bd5 27. h4
Rbc8 28. Kh2 Bc4 29. Bxc4 Rxc4 30. R1f3 Rc7 31. g4 Rd8 32. R6f4 Rd5 1/2-1/2

[Event "2nd 4NCL Spring Bank Holiday Congress"]
[Site "Basingstoke"]
[Date "2019.05.25"]
[Round "2.22"]
[White "Chapman, Matt"]
[Black "Moore, Gerald"]
[Result "0-1"]
[WhiteElo "1961"]
[BlackElo "2057"]
[PlyCount "104"]
[EventDate "2019.05.24"]

1. e4 c5 2. Nf3 e6 3. d4 cxd4 4. Nxd4 Nc6 5. Nc3 d6 6. g3 Nf6 7. Bg2 Bd7 8. O-O
Be7 9. Re1 O-O 10. Be3 a6 11. Nb3 Qc7 12. Qe2 Ne5 13. Rad1 Rac8 14. h3 b5 15.
f4 Nc4 16. Bc1 b4 17. Nb1 e5 18. c3 a5 19. f5 Bb5 20. Qf3 Rfd8 21. Bf1 a4 22.
N3d2 Nxd2 23. Rxd2 Bxf1 24. Qxf1 d5 25. exd5 Nxd5 26. Red1 Qc5+ 27. Kh2 bxc3
28. bxc3 Ne3 29. Rxd8+ Bxd8 30. Bxe3 Qxe3 31. Rd3 Qb6 32. Nd2 Be7 33. Ne4 Qc6
34. Qe2 Rb8 35. c4 a3 36. Rd2 Rb2 37. Rc2 Qb7 38. Kg2 g6 39. g4 Bc5 40. Kg3 Bd4
41. Nf6+ Kg7 42. Nd5 Rxc2 43. Qxc2 Qb2 44. Qg2 Qc1 45. f6+ Kf8 46. Qe2 g5 47.
Kf3 Qh1+ 48. Kg3 Qg1+ 49. Kf3 Qh1+ 50. Kg3 e4 51. Ne3 Qg1+ 52. Ng2 Be5# 0-1

[Event "2nd 4NCL Spring Bank Holiday Congress"]
[Site "Basingstoke"]
[Date "2019.05.25"]
[Round "2.23"]
[White "Freeland, Alexander"]
[Black "Goh, Zi Han"]
[Result "0-1"]
[WhiteElo "2046"]
[BlackElo "1912"]
[PlyCount "52"]
[EventDate "2019.05.24"]

1. d4 d5 2. c4 c6 3. Nf3 Nf6 4. e3 e6 5. Nc3 Nbd7 6. Qc2 b6 7. b3 Bb7 8. Bd3
Be7 9. O-O O-O 10. Bb2 h6 11. Rac1 Rc8 12. Qe2 c5 13. cxd5 exd5 14. Bf5 g6 15.
Bh3 Rc7 16. Rfd1 a6 17. Ne5 Qa8 18. Qf3 Nxe5 19. dxe5 d4 20. Qf4 g5 21. Qg3 Nh5
22. Qg4 dxc3 23. Bxc3 Ng7 24. e6 f6 25. Rd7 Rxd7 26. exd7 h5 0-1

[Event "2nd 4NCL Spring Bank Holiday Congress"]
[Site "Basingstoke"]
[Date "2019.05.25"]
[Round "2.24"]
[White "Ross, Stuart"]
[Black "Goodger, Martyn"]
[Result "1/2-1/2"]
[WhiteElo "1599"]
[BlackElo "2043"]
[PlyCount "53"]
[EventDate "2019.05.24"]

1. e4 d6 2. d4 Nf6 3. Nc3 Nbd7 4. Nf3 e5 5. Bc4 Be7 6. O-O c6 7. Re1 h6 8. a4
Qc7 9. h3 Nf8 10. Be3 Ng6 11. Bf1 O-O 12. Qd3 Nh5 13. Qc4 Qb8 14. dxe5 Be6 15.
Qe2 Nhf4 16. Bxf4 Nxf4 17. Qe3 dxe5 18. Ne2 Nxe2+ 19. Bxe2 a5 20. Bd3 Qc7 21.
g4 Rab8 22. b3 Bb4 23. Red1 Bc3 24. Rab1 Bb4 25. Nd2 Bxd2 26. Rxd2 b5 27. Ra1
1/2-1/2

[Event "2nd 4NCL Spring Bank Holiday Congress"]
[Site "Basingstoke"]
[Date "2019.05.25"]
[Round "2.25"]
[White "Chakanyuka, Charles"]
[Black "Chilton, James I"]
[Result "1-0"]
[WhiteElo "2034"]
[BlackElo "1728"]
[PlyCount "67"]
[EventDate "2019.05.24"]

1. c4 e5 2. Nc3 Nf6 3. Nf3 Nc6 4. g3 Bc5 5. Bg2 d6 6. O-O O-O 7. Na4 Bb6 8.
Nxb6 axb6 9. d3 Re8 10. e4 Bg4 11. h3 Bh5 12. g4 Bg6 13. Bg5 Re6 14. Qd2 Ne7
15. Nh4 h5 16. Nf5 c5 17. Bf3 Bh7 18. Kg2 Nxf5 19. gxf5 Re7 20. Bxf6 gxf6 21.
Qh6 Qf8 22. Qxh5 Kh8 23. Kh2 Ree8 24. Rg1 Qe7 25. Rg4 Rg8 26. Rh4 Rg7 27. Rg1
Rag8 28. Qh6 b5 29. cxb5 d5 30. b3 c4 31. bxc4 Qc5 32. Qxf6 Qxf2+ 33. Rg2 Qxf3
34. Rxh7+ 1-0

[Event "2nd 4NCL Spring Bank Holiday Congress"]
[Site "Basingstoke"]
[Date "2019.05.24"]
[Round "1.1"]
[White "Tambini, Jasper"]
[Black "Merry, Alan B"]
[Result "1/2-1/2"]
[WhiteElo "2066"]
[BlackElo "2440"]
[PlyCount "93"]
[EventDate "2019.05.24"]

1. e4 e6 2. d4 d5 3. e5 c5 4. c3 Qb6 5. Nf3 Nc6 6. Be2 Nh6 7. Na3 cxd4 8. cxd4
Bxa3 9. bxa3 Nf5 10. Be3 Qa5+ 11. Qd2 Qxa3 12. O-O O-O 13. Bd3 Bd7 14. g4 Nxe3
15. Qxe3 Qe7 16. Ng5 g6 17. f4 f6 18. Nf3 Rac8 19. exf6 Qxf6 20. Ne5 Nxe5 21.
fxe5 Qh4 22. h3 Rxf1+ 23. Rxf1 Rf8 24. Rxf8+ Kxf8 25. Qf2+ Qxf2+ 26. Kxf2 b5
27. g5 b4 28. h4 a5 29. Ke2 Ke7 30. Kd2 Kd8 31. Kc1 Kc7 32. Kb2 Be8 33. Ba6 a4
34. a3 Kb6 35. Be2 Ka5 36. Bg4 Bd7 37. h5 gxh5 38. Bxh5 Kb6 39. Bd1 b3 40. Be2
Kc7 41. Bd3 Kd8 42. Bxh7 Ke7 43. Bd3 Kf7 44. Kc3 Kg7 45. Kb2 Bc6 46. Kc3 Be8
47. Kb2 1/2-1/2

[Event "2nd 4NCL Spring Bank Holiday Congress"]
[Site "Basingstoke"]
[Date "2019.05.24"]
[Round "1.2"]
[White "Hebden, Mark L"]
[Black "Nettleton, Charlie B"]
[Result "1-0"]
[WhiteElo "2433"]
[BlackElo "2064"]
[PlyCount "53"]
[EventDate "2019.05.24"]

1. d4 e6 2. Nf3 Nf6 3. e3 b6 4. Bd3 Bb7 5. O-O c5 6. c4 d6 7. Nc3 Be7 8. d5 O-O
9. e4 e5 10. Ne1 Ne8 11. g3 Bc8 12. f4 Nd7 13. Nf3 exf4 14. gxf4 Bf6 15. Qe1
Bd4+ 16. Kh1 g6 17. Bd2 a6 18. Qg3 Ng7 19. Nxd4 cxd4 20. Ne2 Nh5 21. Qf3 Qf6
22. Nxd4 Nc5 23. Bc3 Qh4 24. Bc2 Bh3 25. b4 Bxf1 26. Rxf1 Nd7 27. Nf5 1-0

[Event "2nd 4NCL Spring Bank Holiday Congress"]
[Site "Basingstoke"]
[Date "2019.05.24"]
[Round "1.3"]
[White "Moore, Gerald"]
[Black "Harvey, Marcus R"]
[Result "0-1"]
[WhiteElo "2057"]
[BlackElo "2412"]
[PlyCount "50"]
[EventDate "2019.05.24"]

1. Nf3 Nf6 2. c4 e6 3. g3 b6 4. Bg2 Bb7 5. O-O Be7 6. Nc3 O-O 7. Re1 d5 8. cxd5
Nxd5 9. e4 Nxc3 10. bxc3 c5 11. d4 cxd4 12. cxd4 Nd7 13. Bf4 Nf6 14. Ne5 Bb4
15. Re3 Rc8 16. Bg5 Be7 17. Qa4 b5 18. Qxb5 Qxd4 19. Rae1 Ba8 20. Bxf6 gxf6 21.
Nf3 Qc5 22. Qxc5 Bxc5 23. Rd3 Bb6 24. e5 Rc2 25. Rd2 Rfc8 0-1

[Event "2nd 4NCL Spring Bank Holiday Congress"]
[Site "Basingstoke"]
[Date "2019.05.24"]
[Round "1.4"]
[White "Eggleston, David J"]
[Black "Freeland, Alexander"]
[Result "1-0"]
[WhiteElo "2397"]
[BlackElo "2046"]
[PlyCount "53"]
[EventDate "2019.05.24"]

1. e4 e6 2. d4 d5 3. Nc3 Nf6 4. Bg5 Bb4 5. exd5 Qxd5 6. Bxf6 gxf6 7. Nge2 Nc6
8. Qd2 Bxc3 9. Nxc3 Qxd4 10. Qxd4 Nxd4 11. O-O-O c5 12. Ne4 Ke7 13. Nxc5 Rd8
14. c3 Nc6 15. Bb5 Rxd1+ 16. Rxd1 Ne5 17. f4 b6 18. fxe5 bxc5 19. exf6+ Kxf6
20. Bc6 Rb8 21. Rd8 Ke7 22. Rh8 e5 23. Be4 Kd7 24. Rxh7 Ke6 25. Rh6+ Kd7 26.
Bf5+ Kc7 27. Rf6 1-0

[Event "2nd 4NCL Spring Bank Holiday Congress"]
[Site "Basingstoke"]
[Date "2019.05.24"]
[Round "1.5"]
[White "Goodger, Martyn"]
[Black "Jackson, James P"]
[Result "0-1"]
[WhiteElo "2043"]
[BlackElo "2388"]
[PlyCount "148"]
[EventDate "2019.05.24"]

1. e4 e5 2. Nf3 Nc6 3. d4 exd4 4. Nxd4 Nf6 5. Nc3 Bb4 6. Nxc6 bxc6 7. Qd4 Qe7
8. f3 Bd6 9. Be3 Be5 10. Qd2 Qb4 11. Rb1 O-O 12. a3 Qe7 13. Be2 d5 14. Bd4 dxe4
15. Bxe5 Qxe5 16. Nxe4 Nxe4 17. fxe4 Be6 18. O-O Rfd8 19. Qc3 Qxe4 20. Bf3 Qc4
21. Bxc6 Qxc3 22. bxc3 Rab8 23. Rb4 Rb6 24. Be4 a5 25. Ra4 Rb5 26. Rd4 Rdb8 27.
Rfd1 Kf8 28. Bd5 Bxd5 29. Rxd5 c6 30. Rd7 Rb1 31. Rf1 Rxf1+ 32. Kxf1 Re8 33.
Rd4 Ke7 34. Ra4 Ra8 35. Ke2 Kd6 36. Kd3 Kc5 37. Rc4+ Kb5 38. a4+ Kb6 39. Re4
Rd8+ 40. Ke3 Rd6 41. Rf4 f6 42. Rh4 h6 43. Re4 Rd7 44. h4 h5 45. Re8 Rd5 46. c4
Rf5 47. Rg8 g5 48. hxg5 fxg5 49. Rh8 h4 50. Ra8 Rf4 51. c5+ Kb7 52. Rg8 Rxa4
53. Rg7+ Ka6 54. Rxg5 Kb5 55. Rh5 Rg4 56. Kd3 Kb4 57. Rh8 Kxc5 58. Kc3 a4 59.
Rh5+ Kb6 60. Kb2 Rc4 61. Rh8 Kc5 62. Rh5+ Kd6 63. Rf5 Ke6 64. Rf3 Rg4 65. Rf2
Ke5 66. Rd2 Ke4 67. Ka3 Ke3 68. Rd6 Kf2 69. Rxc6 Kxg2 70. c4 h3 71. c5 h2 72.
Rh6 h1=Q 73. Rxh1 Kxh1 74. c6 Rc4 0-1

[Event "2nd 4NCL Spring Bank Holiday Congress"]
[Site "Basingstoke"]
[Date "2019.05.24"]
[Round "1.6"]
[White "Zakarian, David"]
[Black "Chakanyuka, Charles"]
[Result "1-0"]
[WhiteElo "2341"]
[BlackElo "2034"]
[PlyCount "103"]
[EventDate "2019.05.24"]

1. e4 d6 2. d4 Nf6 3. Nc3 g6 4. Be3 Bg7 5. Qd2 Ng4 6. Bg5 h6 7. Bh4 g5 8. Bg3
e5 9. dxe5 Nxe5 10. O-O-O Be6 11. Nf3 Nbc6 12. Kb1 Qd7 13. Bb5 a6 14. Nxe5 dxe5
15. Bxc6 Qxc6 16. h4 g4 17. h5 O-O 18. Bh4 Rfe8 19. Nd5 Bxd5 20. Qxd5 Qa4 21.
Rhe1 Re6 22. Qb3 Qxb3 23. axb3 Bf6 24. Rh1 Kf8 25. Rd5 Rae8 26. Kc1 Ke7 27. Kd2
c6 28. Rd3 Rg8 29. Ke2 Bxh4 30. Rxh4 Kf6 31. Rg3 Rd6 32. Rhxg4 Rgd8 33. Rd3
Rxd3 34. cxd3 c5 35. f4 Re8 36. Ke3 Re7 37. g3 Re8 38. fxe5+ Rxe5 39. Rf4+ Ke6
40. g4 Rg5 41. Rf5 f6 42. Rxg5 fxg5 43. d4 b6 44. Kd3 Kd6 45. Kc3 b5 46. dxc5+
Kxc5 47. b4+ Kc6 48. Kd4 Kd6 49. e5+ Ke7 50. Kd5 Kd7 51. e6+ Ke8 52. Kd6 1-0

[Event "2nd 4NCL Spring Bank Holiday Congress"]
[Site "Basingstoke"]
[Date "2019.05.24"]
[Round "1.7"]
[White "Royal, Shreyas"]
[Black "Siddharth, Jagadeesh"]
[Result "0-1"]
[WhiteElo "1993"]
[BlackElo "2282"]
[PlyCount "60"]
[EventDate "2019.05.24"]

1. d4 Nf6 2. c4 e6 3. Nc3 Bb4 4. e3 O-O 5. Nge2 Re8 6. a3 Bf8 7. g3 d5 8. Bg2
c6 9. cxd5 exd5 10. O-O Bf5 11. Bd2 Nbd7 12. Na2 Nb6 13. Bb4 Nc4 14. Qc1 Bxb4
15. axb4 Ne4 16. b3 Ncd2 17. f3 Nxb3 18. Qb1 Nxg3 19. Qxb3 Nxe2+ 20. Kf2 Qg5
21. Rad1 Bc2 22. Qa3 Bxd1 23. Rxd1 Re6 24. Rd2 Rg6 25. Bf1 Ng1 26. Be2 Qh4+ 27.
Kf1 Nh3 28. Bd1 Re8 29. Qxa7 Rg1+ 30. Ke2 Nf4# 0-1

[Event "2nd 4NCL Spring Bank Holiday Congress"]
[Site "Basingstoke"]
[Date "2019.05.24"]
[Round "1.8"]
[White "Mladek, Richard"]
[Black "Jamroz, Krzysztof"]
[Result "1/2-1/2"]
[WhiteElo "2268"]
[BlackElo "1971"]
[PlyCount "106"]
[EventDate "2019.05.24"]

1. e4 c5 2. Nf3 e6 3. d4 cxd4 4. Nxd4 a6 5. Nc3 Qc7 6. Bd3 b5 7. Qe2 Bb7 8. Bd2
Nc6 9. Nb3 d6 10. O-O Nf6 11. f4 Be7 12. a3 O-O 13. Rae1 g6 14. Kh1 Rfe8 15.
Qf2 Bf8 16. Qh4 Bg7 17. f5 exf5 18. Bg5 fxe4 19. Be2 Nd7 20. Nd5 Qb8 21. Rxf7
Nce5 22. Ne7+ Kxf7 23. Rf1+ Nf3 24. gxf3 e3 25. Rd1 Ne5 26. Qf4+ Ke6 27. Bf1
Bxf3+ 28. Kg1 Rxe7 29. Bh3+ Bg4 30. Nd4+ Kd7 31. Bxg4+ Nxg4 32. Qxg4+ Ke8 33.
Bxe7 Bxd4 34. Qxd4 Kxe7 35. Rd3 Kf7 36. Qd5+ Kg7 37. Qd4+ Kf7 38. Qxe3 Qa7 39.
Rd4 Kg7 40. c3 Rf8 41. Kg2 Qf7 42. Rxd6 Qb7+ 43. Kg3 Qc7 44. Qd4+ Kg8 45. Qd5+
Rf7 46. Kg2 Qe7 47. Rd8+ Kg7 48. Qd4+ Kh6 49. Qd2+ Kg7 50. Kg1 Qe6 51. Qd4+ Kh6
52. Qh4+ Kg7 53. Qd4+ Kh6 1/2-1/2

[Event "2nd 4NCL Spring Bank Holiday Congress"]
[Site "Basingstoke"]
[Date "2019.05.24"]
[Round "1.9"]
[White "Akeya-Price, Robert A"]
[Black "Kett, Timothy J"]
[Result "1/2-1/2"]
[WhiteElo "1962"]
[BlackElo "2208"]
[PlyCount "58"]
[EventDate "2019.05.24"]

1. d4 Nf6 2. c4 e6 3. Nf3 d5 4. g3 c5 5. cxd5 exd5 6. Bg2 Nc6 7. Nc3 Be7 8. O-O
O-O 9. dxc5 Bxc5 10. Na4 Be7 11. Be3 Re8 12. Rc1 Bg4 13. Nc5 b6 14. Nd3 Rc8 15.
Nde5 Nxe5 16. Nxe5 Rxc1 17. Bxc1 Bc5 18. Nxg4 Nxg4 19. e3 Nf6 20. Qd3 Qd7 21.
Rd1 Rd8 22. b3 d4 23. b4 Bxb4 24. Qxd4 Qxd4 25. Rxd4 Rxd4 26. exd4 Bc3 27. Be3
Ng4 28. h3 Nxe3 29. fxe3 Kf8 1/2-1/2

[Event "2nd 4NCL Spring Bank Holiday Congress"]
[Site "Basingstoke"]
[Date "2019.05.24"]
[Round "1.10"]
[White "Villiers, Thomas"]
[Black "Chapman, Matt"]
[Result "1-0"]
[WhiteElo "2195"]
[BlackElo "1961"]
[PlyCount "77"]
[EventDate "2019.05.24"]

1. e4 c6 2. Nc3 d5 3. Nf3 Bg4 4. h3 Bxf3 5. Qxf3 e6 6. exd5 cxd5 7. d4 Nc6 8.
Qd3 Bd6 9. Be2 Nge7 10. O-O O-O 11. Nb5 Bb8 12. c3 a6 13. Na3 b5 14. Nc2 Qb6
15. Bd2 Bd6 16. Rfc1 Rfc8 17. b4 Rcb8 18. a4 Na7 19. Na3 a5 20. Nxb5 axb4 21.
cxb4 Nxb5 22. axb5 Nf5 23. Bc3 Bf4 24. Rcb1 Rxa1 25. Rxa1 Nd6 26. g3 Bg5 27.
Ra6 Qc7 28. Bd2 Bxd2 29. Qxd2 Nxb5 30. Bxb5 Rxb5 31. Ra8+ Rb8 32. Qc3 Qb7 33.
Rxb8+ Qxb8 34. b5 h6 35. Qc5 Qa8 36. Kg2 Qa2 37. Qb4 Qe2 38. b6 Qe4+ 39. Kg1
1-0

[Event "2nd 4NCL Spring Bank Holiday Congress"]
[Site "Basingstoke"]
[Date "2019.05.24"]
[Round "1.11"]
[White "Goh, Zi Han"]
[Black "Ogunshola, Olugbemiga (Ben)"]
[Result "0-1"]
[WhiteElo "1912"]
[BlackElo "2184"]
[PlyCount "92"]
[EventDate "2019.05.24"]

1. d4 g6 2. c4 f5 3. g3 Nf6 4. Bg2 Bg7 5. Nf3 d6 6. O-O O-O 7. Nc3 e6 8. Qc2
Nc6 9. Rd1 Qe7 10. a3 e5 11. dxe5 Nxe5 12. Nd5 Nxf3+ 13. Bxf3 Qf7 14. Be3 Ng4
15. Bf4 Be6 16. Rac1 h6 17. h4 Rad8 18. b3 Ne5 19. Bg2 c6 20. Nb4 a5 21. Nd3 a4
22. Bxe5 axb3 23. Qxb3 dxe5 24. Nc5 Bc8 25. Kh2 Qe7 26. Qb6 e4 27. e3 Be5 28.
Nb3 Qxh4+ 29. Kg1 Qe7 30. a4 Bc7 31. Qa7 Qb4 32. Nd4 Bb6 33. Qa8 Qe7 34. Qb8
Bc7 35. Qa7 h5 36. Ne2 h4 37. Nf4 hxg3 38. Nxg6 gxf2+ 39. Kxf2 Qg5 40. Nxf8
Qh4+ 41. Kf1 Rxf8 42. Qd4 f4 43. Qxe4 fxe3+ 44. Ke2 Qf2+ 45. Kd3 Bf5 46. Rg1
Qd2# 0-1

[Event "2nd 4NCL Spring Bank Holiday Congress"]
[Site "Basingstoke"]
[Date "2019.05.24"]
[Round "1.12"]
[White "Spence, David J"]
[Black "Lubarto, Michael"]
[Result "1/2-1/2"]
[WhiteElo "2138"]
[BlackElo "1883"]
[PlyCount "66"]
[EventDate "2019.05.24"]

1. e4 g6 2. d4 d6 3. Nc3 Bg7 4. Bg5 Nd7 5. Qd2 a6 6. Nf3 b5 7. Bd3 c5 8. d5 b4
9. Nd1 Qc7 10. c4 h5 11. O-O Nh6 12. h3 f6 13. Be3 g5 14. Nh2 Ne5 15. Be2 Nhf7
16. a3 Rb8 17. f3 Qa5 18. Nf2 Qb6 19. Rfc1 Qc7 20. Nd3 Nxd3 21. Qxd3 bxa3 22.
bxa3 Rb2 23. Rab1 Ne5 24. Qd1 Qb6 25. Nf1 h4 26. f4 gxf4 27. Bxf4 f5 28. Bh5+
Kd8 29. Nd2 Nd7 30. Bg5 Bd4+ 31. Kh2 Be5+ 32. Kg1 Bd4+ 33. Kh2 Be5+ 1/2-1/2